| 000 | 00430nam a2200181Ia 4500 | ||
|---|---|---|---|
| 001 | 14981 | ||
| 005 | 20260306164954.0 | ||
| 008 | 260306t2000||||xx |||||||||||||| ||spa|| | ||
| 041 | _aESP | ||
| 082 |
_a519.53 _bJ67 |
||
| 100 |
_aJohnson, Dallas E. _eAUT |
||
| 245 | 0 | _aMetodos multivariados aplicados al anĂ¡lisis de datos | |
| 260 | _c2000 | ||
| 300 |
_a _c |
||
| 650 | _aGEN | ||
| 654 | _aCMA | ||
| 942 |
_cLIB _dJUS _fJUS _2ddc _n |
||
| 999 |
_c14981 _d14981 |
||